LEADER 03624nam 22006495 450 001 9910795046803321 005 20220415003609.0 010 $a0-520-96755-0 024 7 $a10.1525/9780520967557 035 $a(CKB)4340000000204638 035 $a(MiAaPQ)EBC5057547 035 $a(DE-B1597)521148 035 $a(OCoLC)1004984283 035 $a(DE-B1597)9780520967557 035 $a(EXLCZ)994340000000204638 100 $a20190920d2017 fg 0 101 0 $aeng 135 $aurcnu|||||||| 181 $2rdacontent 182 $2rdamedia 183 $2rdacarrier 200 10$aImagining the Future of Climate Change $eWorld-Making through Science Fiction and Activism /$fShelley Streeby 210 1$aBerkeley, CA :$cUniversity of California Press,$d[2017] 210 4$dİ2017 215 $a1 online resource (158 pages) $cillustrations 225 0 $aAmerican Studies Now: Critical Histories of the Present ;$v5 311 0 $a0-520-29445-9 311 0 $a0-520-29444-0 320 $aIncludes bibliographical references. 327 $tFront matter --$tContents --$tOverview --$tIntroduction. Imagining the Future of Climate Change --$t1. #NoDAPL. Native American and Indigenous Science, Fiction, and Futurisms --$t2. Climate Refugees in the Greenhouse World. Archiving Global Warming with Octavia E. Butler --$t3. Climate Change as a World Problem. Shaping Change in the Wake of Disaster --$tAcknowledgments --$tNotes --$tGlossary --$tKey Figures --$tSelected Bibliography 330 $aFrom the 1960's to the present, activists, artists, and science fiction writers have imagined the consequences of climate change and its impacts on our future. Authors such as Octavia Butler and Leslie Marmon Silko, movie directors such as Bong Joon-Ho, and creators of digital media such as the makers of the Maori web series Anamata Future News have all envisioned future worlds during and after environmental collapse, engaging audiences to think about the earth's sustainability. As public awareness of climate change has grown, so has the popularity of works of climate fiction that connect science with activism. Today, real-world social movements helmed by Indigenous people and people of color are leading the way against the greatest threat to our environment: the fossil fuel industry. Their stories and movements-in the real world and through science fiction-help us all better understand the relationship between activism and culture, and how both can be valuable tools in creating our future. Imagining the Future of Climate Change introduces readers to the history and most significant flashpoints in climate justice through speculative fictions and social movements, exploring post-disaster possibilities and the art of world-making. 606 $aClimatic changes 606 $aGlobal warming 606 $aEthnoecology$zUnited States 610 $abiologist. 610 $aclimate change. 610 $aclimate justice. 610 $adigital media. 610 $aecologist. 610 $aimpact of global warming. 610 $amarine biologist. 610 $apreservation. 610 $ascience fiction. 610 $asustainability. 610 $asustainable lifestyle. 610 $awhat happens during climate change. 615 0$aClimatic changes. 615 0$aGlobal warming. 615 0$aEthnoecology 676 $a304.280897 700 $aStreeby$b Shelley$01495629 801 0$bDE-B1597 801 1$bDE-B1597 906 $aBOOK 912 $a9910795046803321 996 $aImagining the Future of Climate Change$93719780 997 $aUNINA LEADER 04119nam 22007455 450 001 9910437979203321 005 20200705205928.0 010 $a1-4614-7870-7 024 7 $a10.1007/978-1-4614-7870-6 035 $a(CKB)2670000000400657 035 $a(EBL)1317695 035 $a(OCoLC)854976131 035 $a(SSID)ssj0000962763 035 $a(PQKBManifestationID)11525894 035 $a(PQKBTitleCode)TC0000962763 035 $a(PQKBWorkID)10975873 035 $a(PQKB)11350525 035 $a(DE-He213)978-1-4614-7870-6 035 $a(MiAaPQ)EBC1317695 035 $a(MiAaPQ)EBC4182571 035 $a(PPN)172420113 035 $a(EXLCZ)992670000000400657 100 $a20130703d2013 u| 0 101 0 $aeng 135 $aur|n|---||||| 181 $ctxt 182 $cc 183 $acr 200 10$aFundamentals of Space Law and Policy /$fby Fabio Tronchetti 205 $a1st ed. 2013. 210 1$aNew York, NY :$cSpringer New York :$cImprint: Springer,$d2013. 215 $a1 online resource (114 p.) 225 1 $aSpringerBriefs in Space Development,$x2191-8171 300 $aDescription based upon print version of record. 311 $a1-4614-7869-3 320 $aIncludes bibliographical references. 327 $aChapter 1: Introduction - Space Law and Policy -- Chapter 2: The Historical Context -- Chapter 3: How "Rules" Are Made for Space Activities -- Chapter 4: The Participants and Actors in Space Law and Policy -- Chapter 5: The Role of the United Nations and Its Specialized Agencies -- Chapter 6: Distinction vs. Cooperation - Civic, Commercial and Military Uses of Outer Space -- Chapter 7: International Space Law -- Chapter 8: Space Regulations, Standard, and Codes -- Chapter 9: Space Policy, State Practice, and Emergent Normative Regimes -- Chapter 10: Establishing "Rules" for the Latest in Space-Related Enterprises -- Chapter 11: Dispute Settlement and Arbitration -- Chapter 12: Conclusions - Top Ten Things to Know About Space Policy and Law -- End Notes -- Appendices. 330 $aPresents and addresses key space law and policy issues for the benefit of wider informed audiences that wish to acquaint themselves with the fundamentals of the space law field. This brief analyzes in a concise manner the combined influence of space law and policy on international space activities. Read in conjunction with the other books in the Springer ?Space Development? series, it supports a broader understanding of the business, economics, engineering, legal, and procedural aspects of space activities. This book will also give the casual reader as well as experts in the field insight on present and future space law and policy trends, challenges and opportunities. 410 0$aSpringerBriefs in Space Development,$x2191-8171 606 $aLaw of the sea 606 $aInternational law 606 $aAerospace engineering 606 $aAstronautics 606 $aSpace sciences 606 $aLaw of the Sea, Air and Outer Space$3https://scigraph.springernature.com/ontologies/product-market-codes/R19060 606 $aAerospace Technology and Astronautics$3https://scigraph.springernature.com/ontologies/product-market-codes/T17050 606 $aSpace Sciences (including Extraterrestrial Physics, Space Exploration and Astronautics)$3https://scigraph.springernature.com/ontologies/product-market-codes/P22030 607 $aOuter space 615 0$aLaw of the sea. 615 0$aInternational law. 615 0$aAerospace engineering. 615 0$aAstronautics. 615 0$aSpace sciences. 615 14$aLaw of the Sea, Air and Outer Space. 615 24$aAerospace Technology and Astronautics. 615 24$aSpace Sciences (including Extraterrestrial Physics, Space Exploration and Astronautics). 676 $a341.4/7 700 $aTronchetti$b Fabio$4aut$4http://id.loc.gov/vocabulary/relators/aut$097852 801 0$bMiAaPQ 801 1$bMiAaPQ 801 2$bMiAaPQ 906 $aBOOK 912 $a9910437979203321 996 $aFundamentals of Space Law and Policy$91946820 997 $aUNINA LEADER 02704nam 2200385z- 450 001 9910220034503321 005 20210211 035 $a(CKB)3800000000216432 035 $a(oapen)https://directory.doabooks.org/handle/20.500.12854/48864 035 $a(oapen)doab48864 035 $a(EXLCZ)993800000000216432 100 $a20202102d2017 |y 0 101 0 $aeng 135 $aurmn|---annan 181 $ctxt$2rdacontent 182 $cc$2rdamedia 183 $acr$2rdacarrier 200 00$aGrappling with the Multifaceted World of the DNA Damage Response 210 $cFrontiers Media SA$d2017 215 $a1 online resource (306 p.) 225 1 $aFrontiers Research Topics 311 08$a2-88945-057-0 330 $aDNA damage is a major threat to genomic integrity and cell survival. It can arise both spontaneously and in response to exogenous agents. DNA damage can attack most parts of the DNA structure, ranging from minor and major chemical modifications, to single-strand breaks (SSBs) and gaps, to full double-strand breaks (DSBs). If DNA injuries are mis-repaired or unrepaired, they may ultimately result in mutations or wider-scale genome aberrations that threaten cell homeostasis. Consequently, the cells elicit an elaborate signalling network, known as DNA damage response (DDR), to detect and repair these cytotoxic lesions. This Research Topic was aimed at comprehensive investigations of basic and novel mechanisms that underlie the DNA damage response in eukaryotes.DNA damage is a major threat to genomic integrity and cell survival. It can arise both spontaneously and in response to exogenous agents. DNA damage can attack most parts of the DNA structure, ranging from minor and major chemical modifications, to single-strand breaks (SSBs) and gaps, to full double-strand breaks (DSBs). If DNA injuries are mis-repaired or unrepaired, they may ultimately result in mutations or wider-scale genome aberrations that threaten cell homeostasis. Consequently, the cells elicit an elaborate signalling network, known as DNA damage response (DDR), to detect and repair these cytotoxic lesions. This Research Topic was aimed at comprehensive investigations of basic and novel mechanisms that underlie the DNA damage response in eukaryotes. 606 $aGenetics (non-medical)$2bicssc 610 $aDNA Damage 610 $aDNA damage response 610 $aDNA Repair 610 $agenome instability 610 $aGenome integrity 615 7$aGenetics (non-medical) 700 $aAntonio Porro$4auth$01277577 906 $aBOOK 912 $a9910220034503321 996 $aGrappling with the Multifaceted World of the DNA Damage Response$93011659 997 $aUNINA